书目信息 |
| 题名: |
城乡交错带典型流域面源污染模拟与防治
|
|
| 作者: | 庄艳华 , 张亮 , 王学雷 著 | |
| 分册: | ||
| 出版信息: | 武汉 湖北科学技术出版社 2020.12 |
|
| 页数: | 140页 | |
| 开本: | 26cm | |
| 丛书名: | 湖北湿地生态保护研究丛书 | |
| 单 册: | ||
| 中图分类: | X524 | |
| 科图分类: | ||
| 主题词: | 郊区--流域--面源污染--污染防治--研究 | |
| 电子资源: | ||
| ISBN: | 978-7-5706-0142-4 | |
| 000 | 01159nam0 2200289 45 | |
| 001 | 012001002515 | |
| 005 | 20140914131950.0 | |
| 010 | @a978-7-5706-0142-4@b精装@dCNY100.00 | |
| 100 | @a20210425d2020 em y0chiy50 ea | |
| 101 | 0 | @achi |
| 102 | @aCN@b420000 | |
| 105 | @aab z 000yy | |
| 106 | @ar | |
| 200 | 1 | @a城乡交错带典型流域面源污染模拟与防治@Acheng xiang jiao cuo dai dian xing liu yu mian yuan wu ran mo ni yu fang zhi@b专著@f庄艳华,张亮,王学雷著 |
| 210 | @a武汉@c湖北科学技术出版社@d2020.12 | |
| 215 | @a140页@c图,地图@d26cm | |
| 225 | 1 | @a湖北湿地生态保护研究丛书@f刘兴土主编 |
| 300 | @a湖北省学术著作出版专项资金 | |
| 330 | @a本书从城乡交错带面源污染特征出发,系统介绍了复杂面源污染概念、适用于城乡交错带的模型模拟方法及其应用,为广大从事面源污染模拟、水环境治理、湿地保护等领域的研究者提供借鉴和帮助。 | |
| 461 | 0 | @12001 @a湖北湿地生态保护研究丛书@1701 0@a刘兴土主编 |
| 606 | 0 | @a郊区@x流域@x面源污染@x污染防治@x研究 |
| 690 | @aX524@v5 | |
| 701 | 0 | @a庄艳华@Azhuang yan hua@4著 |
| 701 | 0 | @a张亮@Azhang liang@4著 |
| 701 | 0 | @a王学雷@Awang xue lei@4著 |
| 801 | 2 | @aCN@bBJSDL@c20211018 |
| 905 | @b1344184-7@dX524@e263@f4 | |
| 城乡交错带典型流域面源污染模拟与防治/庄艳华,张亮,王学雷著.-武汉:湖北科学技术出版社,2020.12 |
| 140页:图,地图;26cm.-(湖北湿地生态保护研究丛书/刘兴土主编) |
| 湖北省学术著作出版专项资金 |
| ISBN 978-7-5706-0142-4(精装):CNY100.00 |
| 本书从城乡交错带面源污染特征出发,系统介绍了复杂面源污染概念、适用于城乡交错带的模型模拟方法及其应用,为广大从事面源污染模拟、水环境治理、湿地保护等领域的研究者提供借鉴和帮助。 |
| ● |
| 相关链接 |
|
|
|
|
正题名:城乡交错带典型流域面源污染模拟与防治
索取号:X524/263
 
预约/预借
| 序号 | 登录号 | 条形码 | 馆藏地/架位号 | 状态 | 备注 |
| 1 | 1344184 | 213441845 | 第二样本阅览室/ [索取号:X524/263] | 在馆 | |
| 2 | 1344185 | 213441854 | 第三借阅区/ [索取号:X524/263] | 在馆 | |
| 3 | 1344186 | 213441863 | 第三借阅区/ [索取号:X524/263] | 在馆 | |
| 4 | 1344187 | 213441872 | 第三借阅区/ [索取号:X524/263] | 在馆 |